000 00199nam a22000977a 4500
003 SGT
245 _aBRITISH JOURNAL OF OPHTHALMOLOGY
260 _bOPEN ACCESS
_c2014
300 _a870
942 _2ddc
_cBV
999 _c19661
_d19661